000 00790nam a22002777a 4500
001 0074
003 DO-SdBNP
005 20180213140454.0
007 0074
008 151009b 1981 sp || 00| 0 spa d
020 _a8427230664
040 _aBPMSU
_bspa
_cBPMSU
092 _axxxxxx
_bxxxxxx
100 _aBlyton, Enid
240 1 4 _aLast term at Malory towers /
245 _aÚltimo curso en torres de malor /
_cEnid Blyton ; traducción V. Murillo ; ilustración José María Bea
260 _aBarcelona, España :
_bMolino,
_c1981
300 _a176 p. :
_bil.,
_c20 cm.
490 1 0 _aAventura
_v66
700 1 0 _aMurillo, V.,
_etr.
700 1 0 _aBea, José María,
_eil.
830 0 _aAventura
_n66
942 _2ddc
_cBK
945 _aInventariado, 2018/ YL
956 _aBTAVAREZ
_b10
999 _c8355
_d8355